Личностные аспекты репродуктивного поведения как системного структурно-уровневого феномена; Publishing house Education and Science s.r.o.

Dettagli Bibliografici
Parent link:Publishing house Education and Science s.r.o..— 2006-2014
Autore principale: Жаркова О. С. Оксана Станиславовна
Altri autori: Берестнев А. В.
Riassunto:Заглавие с экрана
Достижения высшей школы - 2012
Lingua:russo
Pubblicazione: 2006-2014
Soggetti:
Accesso online:http://www.rusnauka.com/29_DWS_2012/Psihologia/5_120833.doc.htm
Natura: MixedMaterials Elettronico Capitolo di libro
KOHA link:https://koha.lib.tpu.ru/cgi-bin/koha/opac-detail.pl?biblionumber=638372

MARC

LEADER 00000naa0a2200000 4500
001 638372
005 20250529140543.0
035 |a (RuTPU)RU\TPU\network\2682 
035 |a RU\TPU\network\2681 
090 |a 638372 
100 |a 20150115d2012 k y0rusy50 ca 
101 0 |a rus 
102 |a CZ 
135 |a drcn ---uucaa 
181 0 |a i  
182 0 |a b 
200 1 |a Личностные аспекты репродуктивного поведения как системного структурно-уровневого феномена  |f О. С. Жаркова, А. В. Берестнев 
203 |a Текст  |c электронный 
300 |a Заглавие с экрана 
300 |a Достижения высшей школы - 2012 
463 |t Publishing house Education and Science s.r.o.  |o [сайт]  |d 2006-2014 
610 1 |a электронный ресурс 
610 1 |a труды учёных ТПУ 
700 1 |a Жаркова  |b О. С.  |c химик  |c научный сотрудник Томского политехнического университета  |f 1977-  |g Оксана Станиславовна  |3 (RuTPU)RU\TPU\pers\25557 
701 1 |a Берестнев  |b А. В. 
801 1 |a RU  |b 63413507  |c 20150115 
801 2 |a RU  |b 63413507  |c 20150409  |g RCR 
850 |a 63413507 
856 4 |u http://www.rusnauka.com/29_DWS_2012/Psihologia/5_120833.doc.htm 
942 |c CF